000 00668nam a2200181Ia 4500
008 100920s9999 xx 000 0 und d
082 _b108213
_a330 0
100 _aगुडसुरकर प्रदिप.
245 _aअसा आहे शेअर बाजार.
260 _bविद्याभारती प्रकाशन,लातूर.
_c0
300 _a256
_bसाधी
365 _b125
520 _aअर्थशास्त्र.
630 _aअसा आहे शेअर बाजार.
650 _aअर्थशास्त्र.
730 _aअसा आहे शेअर बाजार.
942 _cBOOK
999 _c748637
_d748634